Herbert Spencer : structure, function, and evolution = Herbert Spencer: estructura, función y evolución /

Сохранить в:
Библиографические подробности
Главный автор: Andreski, Stanislav
Формат: Неизвестно
Язык:English
Опубликовано: New York : Scribner, 1971.
Предметы:
Метки: Добавить метку
Нет меток, Требуется 1-ая метка записи!

MARC

LEADER 000000000a22000000004500
001 014925
020 |a 0684139456 
041 0 |a eng 
082 0 4 |a 301.01   |b S745s 
100 1 |a Andreski, Stanislav 
245 1 0 |a Herbert Spencer :   |b structure, function, and evolution = Herbert Spencer: estructura, función y evolución /   |c Stanislav Andreski. 
246 3 1 |a Herbert Spencer: estructura, función y evolución 
260 1 |a New York :   |b Scribner,   |c 1971. 
300 |a 257 páginas 
650 4 |a SOCIOLOGIA 
500 |a Colección George Yúdice 
999 |c 20789  |d 20789 
942 |c BK  |h 301.01 S745s  |2 z